Normal view MARC view
  • Jimenez Bocanegra, Irma

Entry Nombre Personal

Number of records used in: 1

001 - NUMERO DE CONTROL

  • campo de control: 54215

003 - IDENTIFICADOR DE NUMERO DE CONTROL

  • campo de control: MX-MxUPN

005 - FECHA Y HORA DE LA ÜLTIMA TRANSACCIÓN

  • campo de control: 20241021125207.0

008 - DATOS DE LONGITUD FIJA

  • campo de control de longitud fija: 241021nn acannaabn a aaa d

040 ## - FUENTE DE CATALOGACIÓN

  • Agencia original de catalogación: MX-MxUPN
  • Lenguaje de catalogación: spa

100 1# - ENCABEZAMIENTO - NOMBRE PERSONAL

  • Nombre personal: Jimenez Bocanegra, Irma

400 1# - VEÁSE - NOMBRE DE PERSONA

  • Código de relación: Bocanegra, Irma Jimenez

670 ## - FUENTE EN LA QUE SE LOCALIZARON DATOS

  • Cita de la fuente: 2° Congreso Nacional de Orientación Educativa AMPO'97, 1997
  • Información localizada: portada (Irma Jiménez Bocanegra)

902 ## - CATALOGADOR

  • Catalogador: VíctorGodínez/211024